Statistics for US States With City Of Over 1 Million

Click here to take the quiz!

General Stats

  • This quiz has been taken 48 times
  • The average score is 5 of 6

Answer Stats

Answer% Correct
New York
96%
California
96%
Texas
91%
Illinois
83%
Pennsylvania
74%
Arizona
63%

Score Distribution

Percentile by Number Answered

Percent of People with Each Score

Your Score History

You have not taken this quiz